000 00507nam a2200193Ia 4500
008 210417s9999 xx 000 0 und d
020 _a9781632390615
020 _b1632390612
082 _a630 HAN
082 _b22.630 HAN
245 0 _aAgronomy: Science and Technology of Plants
245 0 _cAgronomy Science and Technology of Plants
250 _b"vii+194p, hpk"
260 _aNew York
260 _bCallisto Reference
260 _c2015
700 _a"Hanks, Jamie"
700 _bJamie Hanks
999 _c485387
_d485387